| 000 | 00714nam a2200145Ia 4500 | ||
|---|---|---|---|
| 008 | 260210s9999 xx 000 0 und d | ||
| 024 | _a99B-039-BS3, 99B-003-BS3 & 99B-029-BS3 | ||
| 082 | _a005.7585072 NAU | ||
| 100 | _aNouman Adnan Agha , Omer Farooq Paracha & Tariq Nayab | ||
| 245 | 0 | _aTo Implement Online Database Systems Over Two Location &to Provide Database Connectivity Between Them Over WAN, Using Oracle Cold Fusion Cisco Routers & Switching | |
| 260 |
_aKarachi: _bUITU, _c1999 |
||
| 600 | _aComputer Science | ||
| 650 | _aBachelor of Computer Science (BS) | ||
| 856 |
_uhttps://drive.google.com/file/d/1jsYDV7sVX_PRGhKwZVW32W0OB-lugNne/view?usp=sharing _yClick here to online reading |
||
| 999 |
_c31676 _d31676 |
||